000
00292 a2200133 4500
000
nam a22 7a 4500
100
_a
Pandey, Jyant
110
_a
Pandey, Jyant
245
_a
Gandhi ji and his disciples
250
_a
Latest
260
_b
NBT
_c
2021
264
_b
NBT
_c
2021
942
_c
BK
999
_c
361280
_d
361280